Quiz o państwach - Statystyki

Ogólne statystyki
  • Ten quiz został rozwiązany 54 razy
  • Średni wynik to 8 z 15
Statystyki odpowiedzi
Zagadnienie Odpowiedź % Poprawnych
Na terenach których państw leży Mount Everest Chiny i Nepal
100%
Który z tych krajów ma powyżej 100 milionów ludności Etiopia
100%
Drugie największe państwo na świecie Kanada
100%
Które państwo jest niepodległe Wyspy Marshalla
100%
Tegucigalpa jest stolicą Hondurasu
50%
Który z tych krajów ma taką samą nazwę jak jego stolica Kuwejt
50%
Który z tych krajów jest enklawą Lesotho
50%
Do którego kraju należy półwysep Kalifornijski Meksyk
50%
Który z tych krajów nigdy nie był gospodarzem piłkarskich mistrzostw świata Portugalia
50%
Który z tych krajów ma dostęp do morza/oceanu Singapur
50%
Jakie państwo ma najwięcej wysp Szwecja
50%
W którym z tych krajów mówi się po francusku Tunezji
50%
W którym z tych krajów występuje sawanna Indie
0%
Przez które z tych państw płynie amazonka Peru
0%
Który z tych krajów jest częścią oceanii Samoa
0%
Nie znaleziono quizów pasujących do podanych kryteriów
Rozkład punktacji
Procent ludzi z każdym wynikiem
Percentyl według liczby udzielonych odpowiedzi
Twoja historia wyników
Nie rozwiązałeś tego quizu